书目信息 |
| 题名: |
多媒体技术应用
|
|
| 作者: | 黄荣勤 , 杨胜卫 , 钟正群 主编 | |
| 分册: | ||
| 出版信息: | 北京 北京工业大学出版社 2018 |
|
| 页数: | 164页 | |
| 开本: | 24cm | |
| 丛书名: | ||
| 单 册: | ||
| 中图分类: | TP37 | |
| 科图分类: | ||
| 主题词: | 多媒体技术--高等学校--教材 | |
| 电子资源: | ||
| ISBN: | 978-7-5639-6759-9 | |
| 000 | 00986nam0 2200253 450 | |
| 001 | 2358314906 | |
| 005 | 20231212161218.26 | |
| 010 | @a978-7-5639-6759-9@d48.00CNY | |
| 100 | @a20211202d2018 em y0chiy50 ea | |
| 101 | 0 | @achi |
| 102 | @aCN@b110000 | |
| 105 | @aa a 000yy | |
| 200 | 1 | @a多媒体技术应用@Aduo mei ti ji shu ying yong@f主编黄荣勤, 杨胜卫, 钟正群 |
| 210 | @a北京@c北京工业大学出版社@d2018 | |
| 215 | @a164页@c图@d24cm | |
| 320 | @a有书目 (第163-164页) | |
| 330 | @a本书采用任务教学法, 将理论和实践相结合, 教学内容选取多媒体理论、多媒体应用的常用技术、典型工作任务等内容相互融合, 按照职业能力递进的规律确定课程内容的顺序。主要内容包括认识多媒体、多媒体分类、多媒体技术、多媒体在现代生活中的作用等五个项目。 | |
| 606 | 0 | @a多媒体技术@x高等学校@j教材 |
| 690 | @aTP37@v5 | |
| 701 | 0 | @a黄荣勤@Ahuang rong qin@4主编 |
| 701 | 0 | @a杨胜卫@Ayang sheng wei@4主编 |
| 701 | 0 | @a钟正群@Azhong zheng qun@4主编 |
| 801 | 0 | @aCN@b湖北三新@c20211202 |
| 905 | @aBZT@dTP37@e15 | |
| 多媒体技术应用/主编黄荣勤, 杨胜卫, 钟正群.-北京:北京工业大学出版社,2018 |
| 164页:图;24cm |
| ISBN 978-7-5639-6759-9:48.00CNY |
| 本书采用任务教学法, 将理论和实践相结合, 教学内容选取多媒体理论、多媒体应用的常用技术、典型工作任务等内容相互融合, 按照职业能力递进的规律确定课程内容的顺序。主要内容包括认识多媒体、多媒体分类、多媒体技术、多媒体在现代生活中的作用等五个项目。 |
| ● |
| 相关链接 |
|
|
|
正题名:多媒体技术应用
索取号:TP37/15
 
预约/预借
| 序号 | 登录号 | 条形码 | 馆藏地/架位号 | 状态 | 备注 |
| 1 | 2001596328 | 2001596328 | 辽三/辽宁北配(第三批)/2099/ [索取号:TP37/15] | 在馆 | |
| 2 | 2001596329 | 2001596329 | 辽三/辽宁北配(第三批)/2099/ [索取号:TP37/15] | 在馆 | |
| 3 | 2001596330 | 2001596330 | 辽三/辽宁北配(第三批)/2099/ [索取号:TP37/15] | 在馆 | |
| 4 | 2001596331 | 2001596331 | 辽三/辽宁北配(第三批)/2099/ [索取号:TP37/15] | 在馆 | |
| 5 | 2001596332 | 2001596332 | 辽三/辽宁北配(第三批)/2099/ [索取号:TP37/15] | 在馆 | |
| 6 | 2001596333 | 2001596333 | 辽三/辽宁北配(第三批)/2099/ [索取号:TP37/15] | 在馆 | |
| 7 | 2001596334 | 2001596334 | 辽三/辽宁北配(第三批)/2099/ [索取号:TP37/15] | 在馆 | |
| 8 | 2001596335 | 2001596335 | 辽三/辽宁北配(第三批)/2099/ [索取号:TP37/15] | 在馆 | |
| 9 | 2001596336 | 2001596336 | 辽三/辽宁北配(第三批)/2099/ [索取号:TP37/15] | 在馆 | |
| 10 | 2001596337 | 2001596337 | 辽三/辽宁北配(第三批)/2099/ [索取号:TP37/15] | 在馆 | |
| 11 | 2001596338 | 2001596338 | 辽三/辽宁北配(第三批)/2099/ [索取号:TP37/15] | 在馆 | |
| 12 | 2001596339 | 2001596339 | 辽三/辽宁北配(第三批)/2099/ [索取号:TP37/15] | 在馆 | |
| 13 | 2001596340 | 2001596340 | 辽三/辽宁北配(第三批)/2099/ [索取号:TP37/15] | 在馆 | |
| 14 | 2001596341 | 2001596341 | 辽三/辽宁北配(第三批)/2099/ [索取号:TP37/15] | 在馆 | |
| 15 | 2001596342 | 2001596342 | 辽三/辽宁北配(第三批)/2099/ [索取号:TP37/15] | 在馆 | |
| 16 | 2001596343 | 2001596343 | 辽三/辽宁北配(第三批)/2099/ [索取号:TP37/15] | 在馆 | |
| 17 | 2001596344 | 2001596344 | 辽三/辽宁北配(第三批)/2099/ [索取号:TP37/15] | 在馆 | |
| 18 | 2001596345 | 2001596345 | 辽三/辽宁北配(第三批)/2099/ [索取号:TP37/15] | 在馆 | |
| 19 | 2001596346 | 2001596346 | 辽三/辽宁北配(第三批)/2099/ [索取号:TP37/15] | 在馆 | |
| 20 | 2001596347 | 2001596347 | 辽三/辽宁北配(第三批)/2099/ [索取号:TP37/15] | 在馆 | |
| 21 | 2001596348 | 2001596348 | 辽三/辽宁北配(第三批)/2099/ [索取号:TP37/15] | 在馆 | |
| 22 | 2001596349 | 2001596349 | 辽三/辽宁北配(第三批)/2099/ [索取号:TP37/15] | 在馆 | |
| 23 | 2001596350 | 2001596350 | 辽三/辽宁北配(第三批)/2099/ [索取号:TP37/15] | 在馆 | |
| 24 | 2001596351 | 2001596351 | 辽三/辽宁北配(第三批)/2099/ [索取号:TP37/15] | 在馆 | |
| 25 | 2001596352 | 2001596352 | 辽三/辽宁北配(第三批)/2099/ [索取号:TP37/15] | 在馆 | |
| 26 | 2001596353 | 2001596353 | 辽三/辽宁北配(第三批)/2099/ [索取号:TP37/15] | 在馆 | |
| 27 | 2001596354 | 2001596354 | 辽三/辽宁北配(第三批)/2099/ [索取号:TP37/15] | 在馆 | |
| 28 | 2001596355 | 2001596355 | 辽三/辽宁北配(第三批)/2099/ [索取号:TP37/15] | 在馆 | |
| 29 | 2001596356 | 2001596356 | 辽三/辽宁北配(第三批)/2099/ [索取号:TP37/15] | 在馆 | |
| 30 | 2001596357 | 2001596357 | 辽三/辽宁北配(第三批)/2099/ [索取号:TP37/15] | 在馆 |